[Event "SERBIA CHESS OPEN 2021 - MASTERS"]
[Site "Belgrade, Hotel Metropol"]
[Date "2021.07.02"]
[Round "1.82"]
[White "Ozdemir, Serhan Berat"]
[Black "Lazov, Toni"]
[Result "1/2-1/2"]
[WhiteElo "2191"]
[BlackElo "2412"]
[PlyCount "63"]
[EventDate "2021.??.??"]

1. e4 c5 2. Nf3 d6 3. d4 cxd4 4. Nxd4 Nf6 5. Nc3 a6 6. f3 e5 7. Nb3 Be6 8. Be3
Nbd7 9. Qd2 h5 10. Be2 b5 11. Nd5 Bxd5 12. exd5 Nb6 13. Bxb6 Qxb6 14. a4 b4 15.
a5 Qb7 16. Bc4 g6 17. Ra4 Rb8 18. Qd3 Bh6 19. Bxa6 Qxd5 20. Qxd5 Nxd5 21. Bd3
Be3 22. Be4 Ne7 23. Ke2 Ba7 24. Rd1 f5 25. Bd5 Kd7 26. Nc1 Nxd5 27. Rxd5 h4 28.
h3 Rhc8 29. Rd2 e4 30. Kd1 e3 31. Rd3 Rc4 32. b3 1/2-1/2

[Event "SERBIA CHESS OPEN 2021 - MASTERS"]
[Site "Belgrade, Hotel Metropol"]
[Date "2021.07.02"]
[Round "1.83"]
[White "Nguyen, Piotr"]
[Black "Janjic, Stefan"]
[Result "1-0"]
[WhiteElo "2411"]
[BlackElo "2191"]
[PlyCount "101"]
[EventDate "2021.??.??"]

1. Nf3 d5 2. g3 Nf6 3. Bg2 c6 4. d4 Bf5 5. c4 e6 6. Nc3 h6 7. Qb3 Qb6 8. c5 Qc7
9. Bf4 Qc8 10. Nd2 Nbd7 11. e4 Bh7 12. O-O Be7 13. Rfe1 dxe4 14. Ndxe4 Nxe4 15.
Bxe4 Bxe4 16. Nxe4 Nf6 17. Nd6+ Bxd6 18. Bxd6 Qd7 19. Qf3 O-O-O 20. b4 Ne8 21.
b5 Nxd6 22. cxd6 Kb8 23. bxc6 Qxc6 24. Qxf7 Rhf8 25. Qxg7 Qf3 26. Qc7+ Ka8 27.
Qc2 Rxd6 28. Re3 Qf6 29. Rae1 Rfd8 30. Qe4 Rxd4 31. Qxe6 Qf8 32. h4 a6 33. Kg2
R4d6 34. Qe4 Rd4 35. Qf3 Qc5 36. Re6 Rf8 37. Rxa6+ Kb8 38. Rf6 Rfd8 39. Rb1
R4d7 40. Rfb6 Qc8 41. Rxh6 Rd3 42. Qf4+ Ka8 43. Qa4+ Kb8 44. Ra6 Rxg3+ 45. fxg3
Rd2+ 46. Kf1 Qh3+ 47. Ke1 Qxg3+ 48. Kxd2 Qf2+ 49. Kc3 Qe3+ 50. Kb2 Qe5+ 51. Ka3
1-0

[Event "SERBIA CHESS OPEN 2021 - MASTERS"]
[Site "Belgrade, Hotel Metropol"]
[Date "2021.07.02"]
[Round "1.84"]
[White "Rakshitta, Ravi"]
[Black "Babazada, Khazar"]
[Result "0-1"]
[WhiteElo "2190"]
[BlackElo "2409"]
[PlyCount "96"]
[EventDate "2021.??.??"]

1. e4 Nf6 2. e5 Nd5 3. d4 d6 4. Nf3 Nb6 5. Be2 g6 6. b3 Bg7 7. Bb2 O-O 8. O-O
Nc6 9. c4 Bf5 10. exd6 cxd6 11. Nc3 d5 12. c5 Nc8 13. Qd2 Bg4 14. Nd1 Bxf3 15.
Bxf3 e6 16. Ne3 b6 17. Rfc1 N8e7 18. Be2 Rb8 19. cxb6 Rxb6 20. Rc5 Qd6 21. Rac1
Rd8 22. g3 e5 23. dxe5 Nxe5 24. Ba3 Qe6 25. Rc7 Bf8 26. Bc5 Rc6 27. Rxc6 N5xc6
28. Bf3 Bh6 29. Bd4 Nxd4 30. Qxd4 Bg7 31. Qd3 d4 32. Nc4 h5 33. Kf1 Qd7 34. Re1
Nd5 35. Bxd5 Qxd5 36. Qe4 Qb5 37. Kg1 Qa6 38. a4 Bf6 39. Qd3 Qb7 40. Nd2 Bg7
41. h4 Qb4 42. Re4 Qc3 43. Qe2 d3 44. Qe1 Bh6 45. f4 Bf8 46. Rc4 Qa5 47. Qf2
Bb4 48. Ne4 d2 0-1

[Event "SERBIA CHESS OPEN 2021 - MASTERS"]
[Site "Belgrade, Hotel Metropol"]
[Date "2021.07.02"]
[Round "1.85"]
[White "Raja, Rithvik R"]
[Black "Kosmas-Lekkas, Dimitrios"]
[Result "1-0"]
[WhiteElo "2408"]
[BlackElo "2186"]
[PlyCount "63"]
[EventDate "2021.??.??"]

1. d4 Nf6 2. c4 g6 3. g3 Bg7 4. Bg2 d6 5. Nc3 O-O 6. Nf3 Nbd7 7. O-O e5 8. e4
exd4 9. Nxd4 Re8 10. h3 Nc5 11. Re1 Bd7 12. Kh2 h6 13. Rb1 Qc8 14. f4 a5 15.
Ndb5 Bc6 16. Qc2 b6 17. e5 Bxg2 18. Qxg2 dxe5 19. Rxe5 Qd7 20. Be3 Nd3 21. Rd1
Rad8 22. Rxe8+ Nxe8 23. Nd4 Bxd4 24. Rxd3 c5 25. Bxd4 Qf5 26. Rd2 cxd4 27. Nd5
Kg7 28. Rxd4 Nf6 29. Ne7 Rxd4 30. Nxf5+ gxf5 31. b3 Ne4 32. Qb2 1-0

[Event "SERBIA CHESS OPEN 2021 - MASTERS"]
[Site "Belgrade, Hotel Metropol"]
[Date "2021.07.02"]
[Round "1.88"]
[White "Trost, Edvin"]
[Black "Agmanov, Zhandos"]
[Result "1/2-1/2"]
[WhiteElo "2184"]
[BlackElo "2404"]
[PlyCount "184"]
[EventDate "2021.??.??"]

1. d4 Nf6 2. c4 e6 3. Nf3 d5 4. g3 dxc4 5. Bg2 a6 6. O-O Nc6 7. Nc3 Rb8 8. e4
Be7 9. Qe2 b5 10. Rd1 O-O 11. d5 exd5 12. e5 d4 13. exf6 Bxf6 14. Qe4 Bb7 15.
Nd5 Nb4 16. Nxf6+ Qxf6 17. Qf4 c5 18. Qxf6 gxf6 19. Bf4 Rbd8 20. Bc7 Rd7 21.
Bb6 Nd3 22. Rxd3 cxd3 23. Bxc5 Re8 24. Nd2 Bxg2 25. Kxg2 Re2 26. Rd1 a5 27. a3
a4 28. b4 axb3 29. Nxb3 Rc2 30. Bb4 Rd5 31. Rxd3 Rc4 32. Nd2 Rc6 33. Nf1 h5 34.
Ne3 Rd8 35. Nf5 Rc4 36. Nd6 Rxb4 37. Nb7 Rb8 38. axb4 Rxb7 39. Rxd4 Kg7 40. h4
Kg6 41. Rd5 Rc7 42. Rxb5 Rc3 43. Rc5 Rb3 44. Rc4 Rb1 45. Rf4 f5 46. Kf3 Re1 47.
Rc4 f6 48. Kf4 Re2 49. Kf3 Re1 50. Rd4 Kf7 51. Kg2 Rb1 52. Rf4 Kg6 53. Kf3 Re1
54. Rc4 Kf7 55. Rc7+ Kg6 56. b5 Rb1 57. Rc5 Re1 58. Rd5 Re4 59. b6 Rb4 60. Rd6
Rb3+ 61. Kf4 Rb2 62. Ke3 Kf7 63. Rc6 Ke7 64. Kd4 Rb5 65. Kc4 Rb2 66. Kc5 Kd7
67. Rc7+ Kd8 68. f4 Rb3 69. Kc6 Rc3+ 70. Kb7 Rxg3 71. Rc5 Rg4 72. Rxf5 Rxh4 73.
Rxf6 Rh1 74. Rh6 h4 75. Kb8 h3 76. b7 Kd7 77. Ra6 Rb1 78. Ra2 Ke6 79. Ra6+ Kf5
80. Rh6 Rb3 81. Rh4 Rc3 82. Rh5+ Kg4 83. Rh6 Kf5 84. Rh5+ Kg4 85. Rg5+ Kxf4 86.
Rb5 h2 87. Rb1 Kg3 88. Ka7 Rc7 89. Kb6 Rxb7+ 90. Kxb7 Kg2 91. Rb2+ Kg1 92. Rxh2
Kxh2 1/2-1/2

[Event "SERBIA CHESS OPEN 2021 - MASTERS"]
[Site "Belgrade, Hotel Metropol"]
[Date "2021.07.02"]
[Round "1.89"]
[White "Fus, Jakub"]
[Black "Terryn, Ezra"]
[Result "1-0"]
[WhiteElo "2403"]
[BlackElo "2184"]
[PlyCount "207"]
[EventDate "2021.??.??"]

1. d4 c5 2. d5 g6 3. c4 Bg7 4. e4 d6 5. Nc3 Nf6 6. Bd3 Na6 7. Nf3 Bg4 8. h3
Bxf3 9. Qxf3 Nd7 10. Qd1 O-O 11. O-O Nc7 12. f4 e6 13. Bd2 exd5 14. exd5 a6 15.
a4 b5 16. cxb5 axb5 17. Bxb5 Nxb5 18. Nxb5 Bxb2 19. Rb1 Bg7 20. a5 Nf6 21. Qf3
Qd7 22. Qd3 Rfe8 23. Rfe1 Rxe1+ 24. Bxe1 Qb7 25. Rd1 Ne4 26. Rb1 Nf6 27. Nxd6
Qxd5 28. Rd1 Qxd3 29. Rxd3 Nh5 30. Rf3 f5 31. Nc4 Nf6 32. Rd3 Nh5 33. g3 Nf6
34. Nb6 Ra7 35. Rd8+ Kf7 36. Nc8 Ra6 37. Rd6 Ra8 38. Rc6 Ne4 39. Rc7+ Kf8 40.
Nb6 Ra6 41. Kg2 Bd4 42. g4 Nc3 43. Nd7+ Ke8 44. Nxc5 Rxa5 45. Ne6 Ra2+ 46. Kf1
Nd5 47. Rxh7 Bb6 48. Rb7 Rb2 49. gxf5 gxf5 50. Ng7+ Kf8 51. Nxf5 Nxf4 52. Nd6
Nd5 53. Rb8+ Ke7 54. Nc8+ Kd7 55. Nxb6+ Rxb6 56. Rh8 Rb2 57. Bf2 Ke6 58. Kg2
Nf4+ 59. Kf3 Nxh3 60. Rxh3 Rb3+ 61. Be3 Ra3 62. Ke4 Ra4+ 63. Bd4 Kf7 64. Rh7+
Ke6 65. Rh6+ Kf7 66. Rf6+ Ke7 67. Rb6 Kf7 68. Ke5 Ra5+ 69. Kd6 Kg6 70. Ke6 Kg5
71. Be5 Kg4 72. Rb3 Ra6+ 73. Bd6 Ra1 74. Rg3+ Kh4 75. Be5 Re1 76. Rg8 Rf1 77.
Bd4 Kh3 78. Ke5 Rf7 79. Ke4 Kh4 80. Be5 Kh3 81. Bf4 Kh4 82. Rg5 Ra7 83. Rb5 Kg4
84. Rg5+ Kh4 85. Rg1 Rf7 86. Kf3 Kh5 87. Rh1+ Kg6 88. Kg4 Rb7 89. Rh6+ Kg7 90.
Ra6 Rb5 91. Bg5 Kf7 92. Bf6 Kg6 93. Be5+ Kf7 94. Kf5 Rb1 95. Ra7+ Kf8 96. Bf6
Rf1+ 97. Ke6 Re1+ 98. Be5 Kg8 99. Rg7+ Kf8 100. Rh7 Rg1 101. Ra7 Kg8 102. Ra8+
Kh7 103. Rh8+ Kg6 104. Rg8+ 1-0

[Event "SERBIA CHESS OPEN 2021 - MASTERS"]
[Site "Belgrade, Hotel Metropol"]
[Date "2021.07.02"]
[Round "1.90"]
[White "Mitev, Valentin"]
[Black "Petkidis, Anthony"]
[Result "1/2-1/2"]
[WhiteElo "2181"]
[BlackElo "2401"]
[PlyCount "45"]
[EventDate "2021.??.??"]

1. d4 Nf6 2. Nf3 e6 3. e3 b6 4. Bd3 Bb7 5. O-O c5 6. c4 Be7 7. Nc3 cxd4 8. exd4
d5 9. cxd5 Nxd5 10. Ne5 O-O 11. Qg4 f5 12. Qe2 Bf6 13. Bc4 Re8 14. Qf3 Nc6 15.
Bxd5 exd5 16. Nxc6 Bxc6 17. Be3 Qd7 18. Rfc1 Rac8 19. Ne2 Bb7 20. Nf4 Re4 21.
Ne2 Ree8 22. Nf4 Re4 23. Ne2 1/2-1/2

[Event "SERBIA CHESS OPEN 2021 - MASTERS"]
[Site "Belgrade, Hotel Metropol"]
[Date "2021.07.02"]
[Round "1.91"]
[White "Perez Gormaz, Matias"]
[Black "Mihov, Filip"]
[Result "1-0"]
[WhiteElo "2400"]
[BlackElo "2178"]
[PlyCount "139"]
[EventDate "2021.??.??"]

1. Nf3 d6 2. d4 f5 3. g3 Nf6 4. Bg2 g6 5. c3 Bg7 6. Qb3 e6 7. O-O O-O 8. Nbd2
Qe8 9. Re1 d5 10. Ne5 Nbd7 11. Nxd7 Nxd7 12. c4 c6 13. Nf3 Kh8 14. cxd5 exd5
15. Bf4 Qe7 16. Rac1 Nf6 17. Be5 Ng4 18. Bxg7+ Qxg7 19. e3 Be6 20. Qb4 Rae8 21.
Re2 Bc8 22. h3 Nf6 23. Ne5 g5 24. f4 Ne4 25. Qe1 Re6 26. Bxe4 fxe4 27. fxg5
Qxg5 28. h4 Qg7 29. Kh2 Ref6 30. Qg1 Bg4 31. Rec2 a5 32. Rd2 Rf5 33. Rcc2 h5
34. Rf2 Qf6 35. Rf4 Rxf4 36. exf4 Kg7 37. Qe3 Qd8 38. Rc5 Qb6 39. Qa3 Qa6 40.
Rc2 Re8 41. Qd6 Rxe5 42. Qxe5+ Kf7 43. Rf2 Qd3 44. f5 Qe3 45. Qe6+ Kf8 46. Qc8+
Kf7 47. Qxb7+ Kf8 48. Qb8+ Kf7 49. Qc7+ Kf8 50. Qf4 Qe1 51. Qd2 Qxd2 52. Rxd2
Kf7 53. Kg2 e3 54. Rd3 e2 55. Kf2 Kf6 56. Rc3 Kxf5 57. Rxc6 Ke4 58. Rg6 Kd3 59.
Ke1 Bf3 60. Rf6 Bg4 61. Rf4 Bd7 62. b3 Bc8 63. a3 Ba6 64. b4 axb4 65. axb4 Kc3
66. g4 hxg4 67. Rxg4 Kxb4 68. h5 Bd3 69. h6 Kc4 70. Rg7 1-0

[Event "SERBIA CHESS OPEN 2021 - MASTERS"]
[Site "Belgrade, Hotel Metropol"]
[Date "2021.07.02"]
[Round "1.92"]
[White "Zhukov, Anton"]
[Black "Bukal, Vladimir Jr"]
[Result "1/2-1/2"]
[WhiteElo "2174"]
[BlackElo "2399"]
[PlyCount "85"]
[EventDate "2021.??.??"]

1. d4 e6 2. c4 f5 3. Nf3 Nf6 4. g3 d5 5. Bg2 Bd6 6. O-O O-O 7. b3 b6 8. Qc2 Ne4
9. Bb2 Bb7 10. Nbd2 Nd7 11. Rac1 c5 12. e3 Rc8 13. Ne5 cxd4 14. Nxd7 Qxd7 15.
Nxe4 dxe4 16. Bxd4 Qe7 17. Bb2 e5 18. Qe2 Bc5 19. Rcd1 Rc6 20. f4 exf3 21. Bxf3
f4 22. Bd5+ Re6 23. Bc1 Bxd5 24. cxd5 Ref6 25. b4 f3 26. Qc4 Bd6 27. e4 Qd7 28.
Rf2 h5 29. Kh1 b5 30. Qd3 Bxb4 31. Bg5 Rg6 32. Bh4 Ra6 33. Rxf3 Rxf3 34. Qxf3
Qg4 35. Qxg4 hxg4 36. Rb1 Ra4 37. Bd8 Bd6 38. Rxb5 Rxa2 39. Ra5 Re2 40. Kg1
Rxe4 41. Kf1 Rd4 42. Rxa7 Rxd5 43. Ra4 1/2-1/2

[Event "SERBIA CHESS OPEN 2021 - MASTERS"]
[Site "Belgrade, Hotel Metropol"]
[Date "2021.07.02"]
[Round "1.93"]
[White "Can, Isik"]
[Black "Efremov, Vladislav"]
[Result "1-0"]
[WhiteElo "2398"]
[BlackElo "2173"]
[PlyCount "52"]
[EventDate "2021.??.??"]

1. e4 c5 2. Nf3 e6 3. d4 cxd4 4. Nxd4 Nc6 5. Nc3 Qc7 6. f4 a6 7. Nxc6 Qxc6 8.
Bd3 b5 9. Qe2 Bb7 10. Bd2 Bc5 11. O-O-O Ne7 12. Qh5 g6 13. Qg5 f5 14. exf5 gxf5
15. Qh5+ Kd8 16. g4 b4 17. gxf5 exf5 18. Rhe1 Kc7 19. Ne2 Qg6 20. Qh4 Nc6 21.
Ng3 Rhf8 22. Qh3 Nd4 23. Be3 Bf3 24. Bxd4 Bxd4 25. Ne2 Bg4 26. Qf1 Bb6 1-0

[Event "SERBIA CHESS OPEN 2021 - MASTERS"]
[Site "Belgrade, Hotel Metropol"]
[Date "2021.07.02"]
[Round "1.94"]
[White "Djukic, Sandra"]
[Black "Sargsyan, Anna M"]
[Result "0-1"]
[WhiteElo "2172"]
[BlackElo "2397"]
[PlyCount "59"]
[EventDate "2021.??.??"]

1. d4 Nf6 2. c4 g6 3. Nc3 d5 4. cxd5 Nxd5 5. e4 Nxc3 6. bxc3 Bg7 7. Nf3 c5 8.
Rb1 O-O 9. Be2 Nc6 10. d5 Ne5 11. Nxe5 Bxe5 12. Qd2 e6 13. f4 Bc7 14. O-O exd5
15. exd5 Ba5 16. Rb3 b6 17. f5 Bxf5 18. Qh6 Qxd5 19. Bf3 Qe5 20. Bxa8 Rxa8 21.
Bf4 Qh8 22. c4 Bc3 23. Bg5 Re8 24. h3 Qd4+ 25. Kh2 Re2 26. Rxc3 Qxc3 27. Rd1
Qe5+ 28. Bf4 Qe7 29. Bg5 Rxg2+ 30. Kh1 0-1

[Event "SERBIA CHESS OPEN 2021 - MASTERS"]
[Site "Belgrade, Hotel Metropol"]
[Date "2021.07.02"]
[Round "1.96"]
[White "Horvat, Damjan"]
[Black "Radovanovic, Nikola"]
[Result "1/2-1/2"]
[WhiteElo "2167"]
[BlackElo "2395"]
[PlyCount "58"]
[EventDate "2021.??.??"]

1. Nf3 Nf6 2. b3 g6 3. Bb2 Bg7 4. d4 O-O 5. e3 d6 6. Be2 c6 7. c4 Qc7 8. Nc3
Re8 9. O-O Nbd7 10. b4 e5 11. Qb3 Nf8 12. d5 N8d7 13. dxc6 bxc6 14. Rfd1 Bb7
15. b5 Nc5 16. Qa3 Nfe4 17. bxc6 Nxc3 18. Bxc3 Bxc6 19. Ba5 Qe7 20. Ne1 Bf8 21.
Bf1 Qh4 22. Nd3 Nxd3 23. Qxd3 Qg5 24. Bb4 Re6 25. Qa3 Qd8 26. Qa6 Qd7 27. Qa5
Rc8 28. Rd2 Ba8 29. Rad1 Rd8 1/2-1/2

[Event "SERBIA CHESS OPEN 2021 - MASTERS"]
[Site "Belgrade, Hotel Metropol"]
[Date "2021.07.02"]
[Round "1.97"]
[White "Salimova, Nurgyul"]
[Black "Rozman, Monika"]
[Result "1-0"]
[WhiteElo "2395"]
[BlackElo "2151"]
[PlyCount "85"]
[EventDate "2021.??.??"]

1. d4 d5 2. c4 c6 3. Nc3 Nf6 4. Nf3 dxc4 5. e4 b5 6. e5 Nd5 7. a4 e6 8. Be2
Nxc3 9. bxc3 Bb7 10. O-O Be7 11. Rb1 Qd7 12. Bg5 a6 13. Qc2 O-O 14. Rfd1 h6 15.
Bxe7 Qxe7 16. Nd2 Qc7 17. Ne4 Nd7 18. Nd6 Rab8 19. f4 Nb6 20. Bf3 Nxa4 21. Rdc1
Nb6 22. f5 exf5 23. Qxf5 Bc8 24. Qh5 Be6 25. Ra1 Ra8 26. Be4 Nd5 27. Qf3 Ne7
28. Ra2 f5 29. Bb1 a5 30. Rf2 Qb6 31. Rcf1 c5 32. d5 Bxd5 33. Qh5 Be6 34. g4
Nc6 35. Bxf5 Bxf5 36. Rxf5 Rxf5 37. Qxf5 Qc7 38. Qe6+ Kh8 39. g5 Ne7 40. Rf7
Ra7 41. Rf8+ Kh7 42. g6+ Nxg6 43. Qg8# 1-0

[Event "SERBIA CHESS OPEN 2021 - MASTERS"]
[Site "Belgrade, Hotel Metropol"]
[Date "2021.07.02"]
[Round "1.98"]
[White "Teuschler, Barbara"]
[Black "Megalios, Konstantinos"]
[Result "0-1"]
[WhiteElo "2148"]
[BlackElo "2390"]
[PlyCount "78"]
[EventDate "2021.??.??"]

1. e4 e5 2. Nf3 Nc6 3. Bc4 Nf6 4. d3 h6 5. O-O d6 6. c3 g6 7. Re1 Bg7 8. Bb3
O-O 9. h3 Na5 10. Bc2 c5 11. d4 Qc7 12. Nbd2 Bd7 13. Nf1 cxd4 14. cxd4 Rac8 15.
Bd3 Nc6 16. Be3 exd4 17. Nxd4 Rfe8 18. Nb5 Qb8 19. Ng3 a6 20. Nc3 Ne5 21. Bf1
h5 22. Bd4 b5 23. Nd5 Nxd5 24. exd5 Nf3+ 25. Qxf3 Bxd4 26. Ne4 Bf5 27. Bd3 Bxb2
28. Rab1 Bc3 29. Re3 Bd4 30. Ng5 Bxe3 31. fxe3 Re5 32. e4 Qa7+ 33. Kh2 Bg4 34.
hxg4 Rxg5 35. Qf6 Rxg4 36. Rf1 Re8 37. Qxd6 Qe3 38. Qf6 Qg3+ 39. Kg1 Qxg2# 0-1

[Event "SERBIA CHESS OPEN 2021 - MASTERS"]
[Site "Belgrade, Hotel Metropol"]
[Date "2021.07.02"]
[Round "1.99"]
[White "Tadic, Stefan"]
[Black "Ozkan, Ervin"]
[Result "1-0"]
[WhiteElo "2390"]
[BlackElo "2147"]
[PlyCount "67"]
[EventDate "2021.??.??"]

1. e4 e5 2. Nf3 Nf6 3. d4 Nxe4 4. Bd3 d5 5. Nxe5 Nd7 6. Nc3 Nxe5 7. dxe5 Bb4 8.
O-O Nxc3 9. bxc3 Bxc3 10. Rb1 O-O 11. Bxh7+ Kxh7 12. Qd3+ Kg8 13. Qxc3 b6 14.
Qg3 Qd7 15. h3 Qf5 16. Rb3 Re8 17. Bh6 Qh7 18. Bg5 Bf5 19. Qf4 Re6 20. Rg3 Rae8
21. Qd2 c6 22. Bf6 Bg6 23. f4 gxf6 24. f5 fxe5 25. fxe6 Rxe6 26. Qg5 Kf8 27.
Qd8+ Kg7 28. h4 Qh5 29. Rg5 Qe2 30. h5 Qe3+ 31. Kh2 Qe4 32. Rxg6+ Rxg6 33. hxg6
f5 34. Rf3 1-0

[Event "SERBIA CHESS OPEN 2021 - MASTERS"]
[Site "Belgrade, Hotel Metropol"]
[Date "2021.07.02"]
[Round "1.100"]
[White "De Boer, Bas"]
[Black "Yankelevich, Lev"]
[Result "0-1"]
[WhiteElo "2143"]
[BlackElo "2389"]
[PlyCount "80"]
[EventDate "2021.??.??"]

1. d4 Nf6 2. c4 c5 3. d5 g6 4. Nc3 Bg7 5. Nf3 O-O 6. e4 d6 7. Be2 e6 8. O-O Re8
9. Nd2 Na6 10. h3 Nc7 11. Re1 a6 12. a4 e5 13. Nf1 Rf8 14. g4 h5 15. Bg5 hxg4
16. hxg4 Qd7 17. Ne3 Nh7 18. Bh4 Bh6 19. Qd3 Bg5 20. Bxg5 Nxg5 21. Kg2 Kg7 22.
Rh1 Qe7 23. Rh2 Bd7 24. Rah1 Rh8 25. Rxh8 Rxh8 26. Rxh8 Kxh8 27. Qd1 Kg7 28.
Qh1 Qe8 29. b3 b5 30. axb5 axb5 31. Bd3 b4 32. Ne2 Qd8 33. Ng3 Ne8 34. Qh4 Qf6
35. Kf1 Nf3 36. Qxf6+ Nxf6 37. Bc2 Nxg4 38. Bd1 Nxe3+ 39. fxe3 Nd2+ 40. Ke2 Nb1
0-1

[Event "SERBIA CHESS OPEN 2021 - MASTERS"]
[Site "Belgrade, Hotel Metropol"]
[Date "2021.07.02"]
[Round "1.101"]
[White "Mullick, Raahil"]
[Black "Petrovic, Aleksa"]
[Result "1-0"]
[WhiteElo "2386"]
[BlackElo "2142"]
[PlyCount "87"]
[EventDate "2021.??.??"]

1. e4 e5 2. Nf3 Nc6 3. Bb5 Nf6 4. O-O Nxe4 5. d4 Nd6 6. Bxc6 dxc6 7. dxe5 Nf5
8. Qxd8+ Kxd8 9. Nc3 Be7 10. h3 Nh4 11. Nxh4 Bxh4 12. Be3 Be7 13. Rad1+ Ke8 14.
f4 f5 15. exf6 Bxf6 16. Bd4 Be7 17. f5 Rf8 18. Rde1 Kf7 19. Ne4 Kg8 20. f6 gxf6
21. Bxf6 Bxf6 22. Nxf6+ Kg7 23. Ne8+ Kg8 24. Nf6+ Kg7 25. Ne8+ Kg8 26. Rxf8+
Kxf8 27. Nxc7 Rb8 28. Re8+ Kf7 29. Kf2 Kg7 30. Ke3 Kf7 31. Kf4 a5 32. Ke5 b5
33. Kd6 b4 34. Rd8 h5 35. g4 h4 36. Re8 a4 37. Ke5 b3 38. axb3 axb3 39. c3 Rb7
40. Rxc8 Ra7 41. Ne6 Ra5+ 42. Kd6 Ra2 43. Rf8+ Kg6 44. Rf2 1-0

[Event "SERBIA CHESS OPEN 2021 - MASTERS"]
[Site "Belgrade, Hotel Metropol"]
[Date "2021.07.02"]
[Round "1.102"]
[White "Akbas, Umut Ata"]
[Black "Rozen, Eytan"]
[Result "0-1"]
[WhiteElo "2141"]
[BlackElo "2386"]
[PlyCount "88"]
[EventDate "2021.??.??"]

1. d4 Nf6 2. c4 e6 3. Nc3 Bb4 4. e3 d5 5. Qc2 c5 6. dxc5 Nbd7 7. Nf3 Nxc5 8. a3
Bxc3+ 9. Qxc3 b6 10. b4 Nce4 11. Qd4 Ba6 12. Ne5 dxc4 13. Qxd8+ Rxd8 14. Nxc4
Ng4 15. Nd2 Bxf1 16. Nxe4 Bxg2 17. Rg1 Bxe4 18. Rxg4 Bf3 19. Rd4 Rxd4 20. exd4
Kd7 21. Be3 Rc8 22. a4 Rc4 23. b5 Rc2 24. a5 Re2+ 25. Kf1 Rb2 26. axb6 axb6 27.
Ra7+ Ke8 28. Ke1 Rxb5 29. Kd2 g5 30. Kc3 h6 31. Bc1 Bd5 32. Ba3 Rb3+ 33. Kd2 f5
34. Re7+ Kd8 35. Ra7 f4 36. h4 g4 37. Be7+ Ke8 38. Bd6 g3 39. fxg3 fxg3 40.
Re7+ Kd8 41. Rg7 g2 42. Bf4 Rf3 43. Be3 b5 44. Ke2 Be4 0-1

[Event "SERBIA CHESS OPEN 2021 - MASTERS"]
[Site "Belgrade, Hotel Metropol"]
[Date "2021.07.02"]
[Round "1.103"]
[White "Maerevoet, Sim"]
[Black "Kanov, Nikola"]
[Result "1/2-1/2"]
[WhiteElo "2384"]
[BlackElo "2140"]
[PlyCount "184"]
[EventDate "2021.??.??"]

1. d4 Nf6 2. c4 c5 3. d5 e6 4. Nc3 exd5 5. cxd5 d6 6. Nf3 g6 7. Nd2 Bg7 8. Nc4
O-O 9. Bg5 Qe7 10. Qd2 Nbd7 11. f3 a6 12. a4 Rb8 13. e4 Ne5 14. a5 Nxc4 15.
Bxc4 b5 16. axb6 Rxb6 17. O-O Qe5 18. Bf4 Qe7 19. Ra2 Nd7 20. Rfa1 Nb8 21. Bf1
f5 22. Re1 Bd4+ 23. Kh1 Be5 24. Bxe5 Qxe5 25. f4 Qd4 26. Qxd4 cxd4 27. Na4 Rb4
28. e5 Bd7 29. Rea1 Bb5 30. e6 Re8 31. Kg1 Kg7 32. b3 Bxf1 33. Kxf1 Rb5 34. Rc2
Rxd5 35. Rc7+ Kf6 36. Nb6 Rc5 37. Rb7 Rb5 38. Re1 Rxe6 39. Rxb8 Rxe1+ 40. Kxe1
Ke6 41. Kd2 Rxb3 42. Nd7 Ra3 43. Nf8+ Kd5 44. Rb2 Ke4 45. g3 h6 46. Nxg6 Ra1
47. Nh4 Rh1 48. Rb6 Rxh2+ 49. Ke1 Rh1+ 50. Kf2 Ra1 51. Rxd6 Ra2+ 52. Kf1 Ra1+
53. Kg2 Ra2+ 54. Kh3 d3 55. Re6+ Kd5 56. Re8 Re2 57. Rd8+ Ke4 58. Ng6 Rc2 59.
Rb8 Kd4 60. Nh4 Rc5 61. Nf3+ Kc3 62. Rd8 Rb5 63. Ne1 d2 64. Rd3+ Kc4 65. Rxd2
a5 66. Rd8 a4 67. Ra8 Kb3 68. g4 fxg4+ 69. Kxg4 h5+ 70. Kf3 a3 71. Nd3 h4 72.
Ke4 Rh5 73. Rb8+ Kc3 74. Rc8+ Kb3 75. Rc1 h3 76. Rh1 h2 77. f5 Rh4+ 78. Ke5 Rh3
79. Nc1+ Kb2 80. f6 Re3+ 81. Kd5 Rf3 82. Ke5 Re3+ 83. Kd4 Rf3 84. Nd3+ Kb3 85.
Nc5+ Kb4 86. Rb1+ Ka5 87. Nd7 a2 88. Ra1 Kb4 89. Ke4 Rf2 90. Ke3 Rf5 91. Ke4
Rf2 92. Ke3 Rf5 1/2-1/2

[Event "SERBIA CHESS OPEN 2021 - MASTERS"]
[Site "Belgrade, Hotel Metropol"]
[Date "2021.07.02"]
[Round "1.104"]
[White "Caputcuoglu, Zeki Berke"]
[Black "Arsovic, Goran"]
[Result "1/2-1/2"]
[WhiteElo "2138"]
[BlackElo "2381"]
[PlyCount "65"]
[EventDate "2021.??.??"]

1. e4 c5 2. Nf3 d6 3. d4 cxd4 4. Nxd4 Nf6 5. Nc3 a6 6. f3 e5 7. Nb3 Be6 8. Be3
Be7 9. Qd2 O-O 10. O-O-O Nbd7 11. g4 b5 12. g5 Nh5 13. Kb1 Nb6 14. Na5 Qc7 15.
a3 g6 16. h4 Rab8 17. Nd5 Nxd5 18. exd5 Bd7 19. Bd3 Bd8 20. Nc6 Bxc6 21. dxc6
d5 22. c3 Qxc6 23. Bc2 Bb6 24. Bxb6 Rxb6 25. Qxd5 Qc7 26. Rhe1 Re6 27. Bb3 Re7
28. Qd6 Qxd6 29. Rxd6 Rb8 30. Rd5 Rbe8 31. Rd6 Ra8 32. Rd5 Rae8 33. Rd6 1/2-1/2

[Event "SERBIA CHESS OPEN 2021 - MASTERS"]
[Site "Belgrade, Hotel Metropol"]
[Date "2021.07.02"]
[Round "1.105"]
[White "Arsovic, Zoran"]
[Black "Ljepic, Andrej"]
[Result "1-0"]
[WhiteElo "2381"]
[BlackElo "2136"]
[PlyCount "81"]
[EventDate "2021.??.??"]

1. Nf3 Nf6 2. c4 c5 3. Nc3 Nc6 4. e3 e6 5. d4 d5 6. a3 cxd4 7. exd4 Be7 8. cxd5
exd5 9. h3 Bf5 10. Bb5 O-O 11. O-O a6 12. Bxc6 bxc6 13. Bf4 Qb6 14. Na4 Qb5 15.
Re1 Rfe8 16. Rc1 Rac8 17. Ne5 Bd6 18. Re3 Nd7 19. g4 Bxe5 20. dxe5 Bg6 21. b4
a5 22. Nc5 Nb6 23. Qd4 Nc4 24. Rb3 axb4 25. Rxb4 Qa5 26. Ra4 Qb6 27. Ra6 Qd8
28. Bg3 Ra8 29. Rxc6 Rxa3 30. e6 Qg5 31. Rd1 fxe6 32. Nxe6 Qf6 33. Qxd5 Rxg3+
34. fxg3 Ne3 35. Qb3 Nxd1 36. Nd4+ Bf7 37. Qxd1 Qe7 38. Nf5 Qe4 39. Rd6 Qa8 40.
Qd4 Re1+ 41. Kf2 1-0

[Event "SERBIA CHESS OPEN 2021 - MASTERS"]
[Site "Belgrade, Hotel Metropol"]
[Date "2021.07.02"]
[Round "1.106"]
[White "Debevec, Blaz"]
[Black "Todorovic, Goran M"]
[Result "0-1"]
[WhiteElo "2135"]
[BlackElo "2373"]
[PlyCount "102"]
[EventDate "2021.??.??"]

1. e4 c5 2. Nf3 d6 3. d4 Nf6 4. Nc3 cxd4 5. Nxd4 Nc6 6. Bg5 e6 7. Qd2 Be7 8.
O-O-O O-O 9. f4 h6 10. Bxf6 Bxf6 11. Nxc6 bxc6 12. Qxd6 Qb6 13. e5 Rd8 14. Qa3
Qe3+ 15. Kb1 Rxd1+ 16. Nxd1 Qxa3 17. bxa3 Rb8+ 18. Kc1 Be7 19. Bc4 Bxa3+ 20.
Kd2 Bb7 21. Ne3 Kf8 22. Rb1 Bc5 23. Ke2 Bb6 24. g3 Ke7 25. Bd3 c5 26. Nc4 Bd5
27. a4 Kd7 28. Ke3 Bc7 29. Rxb8 Bxb8 30. Nd2 Bc7 31. Bb5+ Ke7 32. Nb3 f6 33.
exf6+ gxf6 34. Kd3 f5 35. Nd2 e5 36. fxe5 Bxe5 37. Ke2 Kf6 38. Nc4 Bc7 39. Ne3
Bb7 40. Bd3 f4 41. Nf1 Kg5 42. Kf2 Be5 43. gxf4+ Kxf4 44. Ng3 Bd5 45. Bb5 Be6
46. Bc6 Bd4+ 47. Kg2 Bg4 48. Be4 h5 49. Bd3 h4 50. Ne2+ Ke3 51. Ng1 Be6 0-1

[Event "SERBIA CHESS OPEN 2021 - MASTERS"]
[Site "Belgrade, Hotel Metropol"]
[Date "2021.07.02"]
[Round "1.107"]
[White "Vatsal, Singhania"]
[Black "Papidakis, Georgios"]
[Result "1/2-1/2"]
[WhiteElo "2371"]
[BlackElo "2135"]
[PlyCount "128"]
[EventDate "2021.??.??"]

1. e4 e5 2. Nf3 Nc6 3. Bc4 Nf6 4. d3 h6 5. O-O d6 6. c3 g6 7. Nbd2 Bg7 8. a4
O-O 9. Re1 Nh7 10. Nf1 Kh8 11. Ng3 f5 12. exf5 gxf5 13. Nh5 f4 14. Nxg7 Kxg7
15. d4 d5 16. Bb3 e4 17. Ne5 Nxe5 18. dxe5 Be6 19. Qh5 Qe7 20. g3 Rf5 21. Qg4+
Kh8 22. Bxd5 Rg8 23. Qh3 e3 24. fxe3 fxg3 25. e4 gxh2+ 26. Kh1 Rg1+ 27. Rxg1
hxg1=Q+ 28. Kxg1 Qg7+ 29. Qg2 Qxg2+ 30. Kxg2 Bxd5 31. exd5 Rxe5 32. Bxh6 Rxd5
33. Re1 Nf6 34. Be3 Nd7 35. Kf3 Kg8 36. Bd4 Kf7 37. Ke4 Rd6 38. Rf1+ Ke7 39.
Rf5 Re6+ 40. Kd3 Rd6 41. Kc2 a6 42. Rh5 Rg6 43. b4 Kd6 44. Kb3 Nf6 45. Rh4 b6
46. Kc4 Nd7 47. Rh5 Nf8 48. Rf5 Nd7 49. Rd5+ Ke7 50. Rh5 Kd6 51. a5 bxa5 52.
Rxa5 Ke7 53. Kb3 Kd8 54. Rf5 Kc8 55. Rf7 Rd6 56. Rg7 Kb7 57. Bg1 Nb6 58. Bh2
Rd7 59. Rg3 Rf7 60. Rh3 Re7 61. Rd3 Re4 62. Bg1 a5 63. bxa5 Nc4 64. Rd5 Ka6
1/2-1/2